000 00819nam a22002417a 4500
005 20250425114822.0
008 250425b |||||||| |||| 00| 0 eng d
020 _a978-81-8315-573-1 (hbk)
037 _cTB
040 _aCRL
_cCRL
041 _2eng
_aeng
_hsan
084 _aO15,1A2:g 111R4
_qCRL
100 _aSasi, Sarika
_9752984
245 _aSubaltern characters in the mahabharata:
_bA study
260 _aDelhi, India:
_bNew Bharatiya Book Corporation,
_c2024.
300 _avii, 155p.
365 _b 500.00
_cINR
546 _aTranslated from Sanskrit to English
650 _2Mahabharta
650 _2Sanskrit Literature
942 _2CC
_cTB
_hO15,1A2:g 111R4
_n0
999 _c1309381
_d1309381